الدين والآيديولوجيا في مشروع الفارابي السياسي / (رقم التسجيلة. 62211)

تفاصيل مارك
000 -الفاتح
عناصر البيانات ثابتة الطول 00661cam a2200181 i 4500
005 - تاريخ ووقت آخر معاملة
حقل ضبط 20251112131746.0
008 - عناصر البيانات ثابتة الطول
عناصر البيانات ثابتة الطول 250721s2002 xx 000 0 ara d
082 14 - رقم تصنيف ديوي العشري
رقم التصنيف 189.12
رقم المادة ا ح م
100 1# - مدخل رئيسي – اسم شخصي
الاسم الشخصي أحمد، عزمي طه السيد
علاقة الشخص بالعمل/ دوره مؤلف.
245 12 - بيان العنوان
العنوان الدين والآيديولوجيا في مشروع الفارابي السياسي /
250 ## - بيان الطبعة
بيان الطبعة الطبعة الأولى.
264 31 - بيانات النشر، التوزيع…إلخ
مكان النشر، التوزيع...إلخ المفرق :
اسم الناشر، الموزع...إلخ دار المسار للنشر والتوزيع،
تاريخ النشر، التوزيع...إلخ 2002.
300 ## - الوصف المادي
عدد الوحدات المكونة للوعاء 182 صفحة.
650 17 - مدخل إضافي بالموضوع - مصطلح موضوعي
مصطلح موضوعي أو اسم جغرافي كعنصر مدخل الفلسفة الإسلامية.
650 17 - مدخل إضافي بالموضوع - مصطلح موضوعي
مصطلح موضوعي أو اسم جغرافي كعنصر مدخل فلسفة الفارابي.
942 ## - بيانات إضافية (كوها)
نوع التنصيف Dewey Decimal Classification
نوع المادة (كوها) كتب
المقتنيات
حالة السحب حالة الفقدان مصدر التصنيف حالة التلف غير قابل للإعارة المكتبة الرئيسية المكتبة الحالية موقع الرف تاريخ التزويد الرقم المتسلسل Total Checkouts رقم الإستدعاء الباركود تاريخ آخر ظهور تاريخ الفاتورة نوع المادة (كوها)
    Dewey Decimal Classification     المكتبة المركزية المكتبة المركزية الإعارة 06/07/2004 571989   189.12 / ا ح م 571989 28/07/2025 06/07/2004 كتب
    Dewey Decimal Classification     مكتبة الأميرة سلمى مكتبة الأميرة سلمى الإعارة 27/07/2015 1465507   189.12/أحم PLD00339081 28/07/2025 27/07/2015 كتب
    Dewey Decimal Classification Unchecked   مكتبة الجويدة مكتبة الجويدة الإعارة 28/07/2025 572006   189.12/أحم   28/07/2025 28/07/2025 كتب
    Dewey Decimal Classification     مكتبة النصر العامة مكتبة النصر العامة الإعارة 30/10/2014 572008   189.12/أحم PLD00309086 28/07/2025 30/10/2014 كتب
    Dewey Decimal Classification     مكتبة صويلح العامة مكتبة صويلح العامة الإعارة 06/07/2004 571998   189.12/أحم 571998 28/07/2025 06/07/2004 كتب
Implemented & Customized by: BBB with SCIT (Smart Chains for Information Technology)

Powered by Koha